| 000 | 00000nas 2200000zi 4500 |
| 001 | 9.884249 |
| 003 | CaOODSP |
| 005 | 20221107170819 |
| 006 | m o d f |
| 007 | cr ||||||||||| |
| 008 | 200203d19891992oncar p o f0 b0fre|d |
| 040 | |aCaOODSP|bfre|erda|cCaOODSP |
| 043 | |an-cn--- |
| 086 | 1 |aRv1-25/1F-PDF |
| 245 | 00|aGuide d'impôt, gains en capital. |
| 264 | 1|a[Ottawa] : |bRevenu Canada = Revenue Canada, |c[1989-1992] |
| 310 | |aAnnuel |
| 336 | |atexte|btxt|2rdacontent/fre |
| 337 | |ainformatique|bc|2rdamedia/fre |
| 338 | |aressource en ligne|bcr|2rdacarrier/fre |
| 362 | 1 |aParaît depuis 1989 ; ne paraît plus après 1992. |
| 500 | |aPublié aussi en anglais sous le titre : Capital gains tax guide. |
| 500 | |a« Votre guide ». |
| 588 | |aDescription d'après : 1988. |
| 588 | |aDernière livraison consultée : 1992. |
| 692 | 07|2gccst|aRéglementation en matière de taxation |
| 692 | 07|2gccst|aRevenu |
| 710 | 1 |aCanada.|bRevenu Canada. |
| 775 | 08|tCapital gains tax guide. |w(CaOODSP)9.884235 |
| 785 | 00|tGains en capital.|w(CaOODSP)9.503604 |